Do petróleo ao plástico (Registo nº 4380)
[ vista simples ]
| 000 -Etiqueta do registo | |
|---|---|
| Cabeçalho | 00610nam a2200229 4500 |
| 005 - Identificador da versão | |
| Campo de controlo | 20240813122059.0 |
| 010 ## - Número internacional normalizado dos livros (ISBN) | |
| Número (ISBN) | 9722600486 |
| 100 ## - Dados gerais de processamento | |
| Dados gerais de processamento | 19970507d1990 a y0pory5003 ba |
| 102 ## - Pais de publicação ou produção | |
| País de publicação | Portugal |
| 101 1# - Língua de publicação | |
| Língua do texto, banda sonora, etc. | Português |
| Língua do documento no original | Francês |
| 215 ## - Descrição física | |
| Indicação específica da natureza do documento e extensão da espécie | 34p |
| Outras indicações físicas | il |
| Dimensões | 18cm |
| 200 1# - Titulo e menção de responsabilidade | |
| Título próprio | Do petróleo ao plástico |
| Primeira menção de responsabilidade | escrito por Raphaelle Brice |
| Outras menções de responsabilidade | tradução de Joaquim Leite |
| 225 1# - Colecção | |
| Título próprio da colecção | A Descobrir |
| 210 ## - Publicação, Distribuição, etc. | |
| Lugar da edição, distribuição, etc. | [S.l.] |
| Nome do editor, distribuidor, etc. | Civilização |
| Data da publicação, distribuição, etc. | (imp1990) |
| 300 ## - Notas gerais | |
| Texto da nota | Obra duplicada. |
| 675 ## - Classificação Decimal Universal (CDU) | |
| Notação | 665.6 |
| Edição | 2 |
| Língua da edição | por |
| 700 #1 - Nome de autor-pessoa física (responsabilidade principal) | |
| Número de registo de entrada de autoridade | 0001180 |
| Palavra de ordem | Brice |
| Outra parte do nome não tomada para palavra de ordem | Raphaelle |
| 942 ## - Elementos de entrada adicionados (Koha) | |
| Tipo de item no Koha | Livro |
| Situação do levantamento | Origin of item (home branch) (coded) | Biblioteca de empréstimo | Código de barras | Cota | Circulation type (not for loan) | Tipo de documento | Nota do exemplar | Damaged status |
|---|---|---|---|---|---|---|---|---|
| Biblioteca Escolar das Vendas | Biblioteca Escolar das Vendas | BEV1377 | 6 BRI | Livro | Sem mensagem |
